Tunnista julkkis zoomatusta kuvasta #1 - Statistics

Yleistilastot
  • Tätä visaa on pelattu 248 kertaa
    241 viimeisimmän päivityksen jälkeen
  • Keskiarvotulos 12 / 24
Vastaustilastot
Kuvavisa Vastaus % Oikein
Sanni Kurkisuo
86%
Alexander Stubb
85%
Lauri Tähkä
83%
Robin Packalen
82%
Kiti Kokkonen
74%
Sami Sykkö
69%
Isac Lundén (Isac Elliot)
65%
Ismo Leikola
60%
Jussi Vatanen
60%
Riku Rantala
60%
Lennu
59%
Timo Lavikainen
57%
Ville Haapasalo
52%
Pete Parkkonen
51%
Jenni Vartiainen
44%
Jaana Pelkonen
38%
Tommi Manninen
29%
Heikki Silvennoinen
27%
Helena Ahti-Hallberg
27%
Sami Hedberg
27%
Kiira Korpi
21%
Olli Jokinen
8%
Vladislav Heponen (Cledos)
8%
Noora Fagerström
6%
Ehtoja vastaavia visoja ei löytynyt
Tulosjakauma
Jokaisen tuloksen saaneiden osuus
Persentiili vastausten määrän mukaan
Tuloshistoriasi
Et ole pelannut tätä visaa sen viimeisimmän päivityksen jälkeen